| 000 | 00651nam a22002057a 4500 | ||
|---|---|---|---|
| 005 | 20251108164927.0 | ||
| 008 | 250721s9999 xx 000 0 ara d | ||
| 082 | 1 | 4 | _a153.9/روس |
| 100 | 1 | _aأبو الروس، أيمن | |
| 245 | 1 | 0 | _aكيف تجيد إستخدام عقلك لتنجح في حياتك و تتفوق في دراستك / |
| 264 | 1 |
_aالقاهرة : _bمكتبة القرآن، _c[19-]. |
|
| 300 | _a96ص | ||
| 650 | 1 | 7 | _aالعقل (علم نفس ) |
| 650 | 1 | 7 | _aالذكاء |
| 650 | 1 | 7 | _aالنجاح |
| 650 | 1 | 7 | _aالقدرات |
| 650 | 1 | 7 | _aالعلاقات الإجتماعية |
| 942 |
_2ddc _cBK |
||
| 999 |
_c17628 _d17628 |
||